Straight jobs, gay lives : gay and lesbian professionals, the Harvard Business School, and the American workplace /

সংরক্ষণ করুন:
গ্রন্থ-পঞ্জীর বিবরন
প্রধান লেখক: Fiskopp, Annette
অন্যান্য লেখক: Silverstein, Sharon
বিন্যাস: গ্রন্থ
ভাষা:ইংরেজি
প্রকাশিত: New York : Touchstone, 1996
ট্যাগগুলো: ট্যাগ যুক্ত করুন
কোনো ট্যাগ নেই, প্রথমজন হিসাবে ট্যাগ করুন!

MARC

LEADER 00000nam a22000007i 4500
001 IT\ICCU\UBO\4366581
003 ItRI
005 20260115231819.0
008 190321s1996 xxu|||||| ||||| |||||c
020 |a 0684804247 
040 |b ita  |c importazione bologna sebina 
041 7 |a eng  |2 ISO-639-2 
100 1 |a Fiskopp, Annette  |0 IT\ICCU\UBOV\466404 
245 1 0 |a Straight jobs, gay lives :  |b gay and lesbian professionals, the Harvard Business School, and the American workplace /  |c Annette Friskopp, Sharon Silverstein. 
260 |a New York :  |b Touchstone,  |c 1996 
300 |a 526 p. ;  |c 24 cm 
700 1 |a Silverstein, Sharon  |0 IT\ICCU\UBOV\466406 
942 |2 ddc  |c BK  |n 0 
952 |0 0  |1 0  |4 0  |6 DOC_331_530000000000000_FRI  |7 0  |9 13348  |a BO  |b BO  |d 2026-01-15  |i 18912  |l 0  |o DOC 331.53 FRI  |p BO18912  |r 2026-01-15 23:18:19  |w 2026-01-15  |x [Sebina 5] [1 v.]  |y BK  |z 1 v. 
999 |c 11467  |d 11467